| 000 | 005030000a22001930004500 | ||
|---|---|---|---|
| 001 | 004450 | ||
| 003 | MACL | ||
| 005 | 20151015133716.0 | ||
| 008 | 151015b xxu||||| |||| 00| 0 eng d | ||
| 040 |
_aMACL _cMACL |
||
| 041 | _aEnglish | ||
| 082 | _a920.71/RAI | ||
| 100 |
_aRai, Kitab Singh _914995 |
||
| 245 |
_aSant Jnandildas _bMakers of indian literature _cKitab Singh Rai |
||
| 260 |
_aNew Delhi _c2004 _bSahitya Akademi, |
||
| 350 | _a25 | ||
| 650 |
_aBiography _914996 |
||
| 942 |
_k921.71 _cBK _2ddc |
||
| 999 |
_c16339 _d16339 |
||